Classical Music from A-Z #4 - Statistics

General Stats
  • This quiz has been taken 329 times
    179 since last reset
  • The average score is 10 of 23
Answer Stats
Hint Answer % Correct
M A device which clicks regular beats at chosen tempos metronome
89%
L Italian term indicating to play very slowly largo
82%
W A dance in moderate triple meter waltz
82%
F A composition which employs imitative counterpoint, mastered by Bach fugue
79%
A To stress a particular note or notes accent
78%
S A "small" sonata sonatina
70%
T Rapid alternation of a given note with its diatonic upper neighbor trill
56%
N A romantic style composition, usually written for piano, with an expressive melody over a broken chord accompaniment nocturne
55%
O Term for a melodic phrase which is repeated "obstinately" throughout a composition, often, but not always, in the bass ostinato
55%
R To play with some freedom from a strict steady pulse rubato
52%
K Another name for timpani kettle drum
44%
P Another term for contrapuntal music, meaning 'many voices' polyphony
44%
E Term for how the mouth is used to produce sound on a wind or brass instrument embouchure
38%
C Avant-garde American composer who wrote works for "prepared piano" Cage
37%
H Considered by many to have been the 20th century's most outstanding concert pianist, this Russian artist made his American debut in 1928. Vladimir Horowitz
33%
D The low pipes of a bagpipe drone
29%
V Full name of Texas pianist who won the Tchaikovsky International Piano Competition in Moscow in 1957, during the cold war Van Cliburn
24%
B A composition suggesting a "boat song" of Venietian gondoliers barcarolle
23%
U The left foot pedal on a piano, usually called the soft pedal una corda
22%
I Letters addressed to this unknown woman were found after Beethoven's death. Immortal Beloved
17%
Q General term that can be applied to an opening phrase which ends on a note other than tonic question
14%
G Romantic Spanish composer Granados' most well-known work, a piano suite Goyescas
11%
Z F.irst name of Czech composer Fibich Zdenko
8%
No matching quizzes found
Score Distribution
Percent of People with Each Score
Percentile by Number Answered
Your Score History
You have not taken this quiz since the last reset